Aromatic chemistry / (Record no. 17304)
[ view plain ]
| 000 -LEADER | |
|---|---|
| fixed length control field | 01217nam a22003255i 4500 |
| 001 - CONTROL NUMBER | |
| control field | 13649214 |
| 003 - CONTROL NUMBER IDENTIFIER | |
| control field | EG-ScBUE |
| 005 - DATE AND TIME OF LATEST TRANSACTION | |
| control field | 20251209093142.0 |
| 008 - FIXED-LENGTH DATA ELEMENTS--GENERAL INFORMATION | |
| fixed length control field | 040708r20132002enka f b 001 0 eng |
| 020 ## - INTERNATIONAL STANDARD BOOK NUMBER | |
| International Standard Book Number | 0854046623 |
| 020 ## - INTERNATIONAL STANDARD BOOK NUMBER | |
| International Standard Book Number | 9780854046621 |
| 040 ## - CATALOGING SOURCE | |
| Original cataloging agency | EG-ScBUE |
| Language of cataloging | eng |
| Description conventions | rda |
| Transcribing agency | EG-ScBUE |
| Modifying agency | EG-ScBUE |
| 082 04 - DEWEY DECIMAL CLASSIFICATION NUMBER | |
| Classification number | 547.6 |
| Edition number | 22 |
| Item number | HEP |
| 100 1# - MAIN ENTRY--PERSONAL NAME | |
| Personal name | Hepworth, John D., |
| 9 (RLIN) | 32640 |
| Relator term | author. |
| 245 10 - TITLE STATEMENT | |
| Title | Aromatic chemistry / |
| Statement of responsibility, etc | John D. Hepworth, University of Central Lancashire, David R. Waring, formerly of kodak Ltd., Kirkby, Liverpool, Michael J. Waring, Astra Zeneca, Alderley Park, Cheshire. |
| 250 ## - EDITION STATEMENT | |
| Edition statement | Reprinted edition. |
| 264 #1 - PUBLICATION, DISTRIBUTION, ETC. (IMPRINT) | |
| Place of publication, distribution, etc | Cambridge : |
| Name of publisher, distributor, etc | Royal Society of Chemistry, |
| Date of publication, distribution, etc | 2013. |
| 300 ## - PHYSICAL DESCRIPTION | |
| Extent | vii, 168 pages : |
| Other physical details | illustrations ; |
| Dimensions | 25 cm. |
| 336 ## - CONTENT TYPE | |
| Source | rdacontent |
| Content type term | text |
| Content type code | txt |
| 337 ## - MEDIA TYPE | |
| Media type term | unmediated |
| Source | rdamedia |
| Media type code | n |
| 338 ## - CARRIER TYPE | |
| Carrier type term | volume |
| Carrier type code | nc |
| Source | rdacarrier |
| 490 0# - SERIES STATEMENT | |
| Series statement | Tutorial chemistry texts ; |
| Volume number/sequential designation | 13 |
| 504 ## - BIBLIOGRAPHY, ETC. NOTE | |
| Bibliography, etc | Includes bibliographical references and index.<br/> |
| 650 #7 - SUBJECT ADDED ENTRY--TOPICAL TERM | |
| Topical term or geographic name as entry element | Aromatic compounds. |
| 9 (RLIN) | 32642 |
| Source of heading or term | BUEsh |
| 653 ## - INDEX TERM--UNCONTROLLED | |
| Arrived date list | February2013 |
| -- | September2013 |
| 655 ## - INDEX TERM--GENRE/FORM | |
| Form subdivision | Reading book |
| 700 1# - ADDED ENTRY--PERSONAL NAME | |
| Personal name | Waring, David R., |
| 9 (RLIN) | 32643 |
| Relator term | author. |
| 700 1# - ADDED ENTRY--PERSONAL NAME | |
| Personal name | Waring, Michael J., |
| 9 (RLIN) | 32644 |
| Relator term | author. |
| 942 ## - ADDED ENTRY ELEMENTS (KOHA) | |
| Source of classification or shelving scheme | Dewey Decimal Classification |
| Koha item type | Book - Borrowing |
| Withdrawn status | Lost status | Source of classification or shelving scheme | Damaged status | Not for loan | Collection code | Home library | Current library | Shelving location | Date acquired | Source of acquisition | Total Checkouts | Full call number | Barcode | Date last seen | Price effective from | Koha item type | Total Renewals | Date checked out |
|---|---|---|---|---|---|---|---|---|---|---|---|---|---|---|---|---|---|---|
| Dewey Decimal Classification | Baccah | Central Library | Central Library | First floor | 18/02/2013 | 547.6 HEP | 000028292 | 15/07/2025 | 18/02/2013 | NB - Book (Non borrowing) | ||||||||
| Dewey Decimal Classification | Baccah | Central Library | Central Library | First floor | 18/02/2013 | 8 | 547.6 HEP | 000028293 | 10/05/2026 | 18/02/2013 | Book - Borrowing | 37 | 23/04/2026 | |||||
| Dewey Decimal Classification | Baccah | Central Library | Central Library | First floor | 01/10/2013 | 3 | 547.6 HEP | 000029158 | 15/07/2025 | 01/10/2013 | Book - Borrowing | 14 | 04/02/2019 | |||||
| Dewey Decimal Classification | Baccah | Central Library | Central Library | First floor | 01/10/2013 | 4 | 547.6 HEP | 000029159 | 15/07/2025 | 01/10/2013 | Book - Borrowing | 13 | 04/11/2017 |